Statistics for First Names as Last Names Quiz #1

Click here to take the quiz!

General Stats

  • This quiz has been taken 48,729 times
  • The average score is 12 of 20

Answer Stats

Full Name % Correct
MichaelJordanMichael Jordan
89%
MattDamonMatt Damon
87%
MegRyanMeg Ryan
83%
BobDylanBob Dylan
77%
BillyJoelBilly Joel
73%
AnneFrankAnne Frank
73%
BruceLeeBruce Lee
73%
SteveMartinSteve Martin
69%
JohnWayneJohn Wayne
68%
GeneKellyGene Kelly
63%
JerryLewisJerry Lewis
63%
JamesDeanJames Dean
62%
PaulSimonPaul Simon
60%
MaryShelleyMary Shelley
56%
DickClarkDick Clark
52%
TomArnoldTom Arnold
47%
HankAaronHank Aaron
45%
KirkCameronKirk Cameron
44%
JasonAlexanderJason Alexander
43%
JoeLouisJoe Louis
40%

Score Distribution

Percentile by Number Answered

Percent of People with Each Score

Your Score History

You have not taken this quiz